|
|
|
|
| LEADER |
01797nam a2200433 aa4500 |
| 001 |
nkc20061653572 |
| 003 |
CZ PrNK |
| 005 |
20210325071635.0 |
| 007 |
ta |
| 008 |
060502s2006 xr e p 000 0 cze |
| 015 |
|
|
|a cnb001653572
|
| 020 |
|
|
|a 80-7041-715-3
|q (sv. 1 ;
|q brož.)
|
| 035 |
|
|
|a (OCoLC)85722356
|
| 040 |
|
|
|a BOA001
|b cze
|d ABA001
|
| 072 |
|
7 |
|a 37
|x Výchova a vzdělávání
|2 Konspekt
|9 22
|
| 072 |
|
7 |
|a 37.016
|x Učební osnovy. Vyučovací předměty. Učebnice
|2 Konspekt
|9 22
|
| 080 |
|
|
|a 37.02
|2 MRF
|
| 080 |
|
|
|a (075.8)
|2 MRF
|
| 100 |
1 |
|
|a Svatoš, Tomáš,
|d 1950-
|7 jo2002104662
|4 aut
|
| 245 |
1 |
0 |
|a Malá didaktika :
|b v teorii a praxi pro seminární výuku obecné didaktiky /
|c napsal a graficky upravil Tomáš Svatoš
|
| 246 |
3 |
|
|a Malá didaktika v teorii a praxi pro seminární výuku obecné didaktiky
|
| 250 |
|
|
|a Vyd. 1.
|
| 260 |
|
|
|a Hradec Králové :
|b Gaudeamus,
|c 2006
|
| 300 |
|
|
|a 1 sv. ;
|c 29 cm
|
| 500 |
|
|
|a 300 výt.
|
| 500 |
|
|
|a Nad názvem: Pedagogická fakulta Univerzity Hradec Králové, katedra pedagogiky a psychologie
|
| 504 |
|
|
|a Obsahuje bibliografii
|
| 505 |
0 |
|
|a díl 1. 2006. 73 s. + 1 CD-ROM
|
| 650 |
0 |
7 |
|a obecná didaktika
|7 ph115522
|2 czenas
|
| 650 |
0 |
9 |
|a general didactics
|2 eczenas
|
| 655 |
|
7 |
|a učebnice vysokých škol
|7 fd133772
|2 czenas
|
| 655 |
|
9 |
|a textbooks (higher)
|2 eczenas
|
| 710 |
2 |
|
|a Univerzita Hradec Králové.
|b Katedra pedagogiky a psychologie
|7 kn20020422011
|
| 856 |
4 |
1 |
|u http://www.digitalniknihovna.cz/mzk/uuid/uuid:6496a090-a850-11e3-a597-5ef3fc9bb22f
|y Digitalizovaný dokument
|x NDK
|
| 910 |
2 |
|
|a BOA001
|b 3-1169.359
|s 1-
|t s
|
| 990 |
|
|
|a BK
|
| 995 |
|
|
|a 01
|
| 991 |
|
|
|b 200605
|c NOV
|
| 996 |
6 |
|
|b 2610278961
|c 3-1169.359
|d 1. díl
|v 1
|l MZK
|r Sklad / do 1 hodiny
|n 0
|p p.v.
|w 000815962
|u 000010
|a 1
|e BOA001
|j MZK50
|s P
|